Sports Quiz

Random Sports Quiz

Team Sky Riders 2010 - 2016 Quiz Stats

 Plays Quiz not verified by Sporcle

Challenge
Share
Tweet
Embed
Score 0/71 Timer 15:00
0 Plays Today
Years Answer % Correct
2010 -Chris Froome
97.7%
2010 - 2015Bradley Wiggins
96.5%
2014 -Sebastian Henao
88.4%
2012 -Sergio Henao
88.4%
2010 -Ian Stannard
88.4%
2010 -Geraint Thomas
88.4%
2016 -Michal Kwiatkowski
87.2%
2010 - 2014Edvald Boasson Hagen
84.3%
2015 -Wout Poels
84.3%
2012 -Luke Rowe
84.3%
2016 -Mikel Landa
83.7%
2015 - 2016Nicolas Roche
83.7%
2013 -Vasil Kiryienka
80.8%
2012Mark Cavendish
79.7%
2012 - 2015Richie Porte
79.1%
2014 -Mikel Nieve
77.9%
2011 - 2013Rigoberto Uran
75%
2015 -Elia Viviani
74.4%
2011 -Christian Knees
73.3%
2017 - Kenny Elissonde
70.6%
2010 -Peter Kennaugh
69.2%
2012 - 2015Bernhard Eisel
68.6%
2013 -David Lopez
67.4%
2015 - 2016Leopald Konig
66.3%
2010 - 2016Ben Swift
64.5%
2010 - 2012 2015 - 2016Lars Petter Nordhaug
62.2%
2016 -Michal Golas
61.6%
2012 -Salvatore Puccio
61%
2010 - 2011Simon Gerrans
60.5%
2016 -Gianni Moscon
59.3%
2017 - Tao Geoghegan Hart
58.8%
2017 - Diego Rosa
58.8%
2014 -Philip Deignan
58.7%
2017 - Owain Doull
56.5%
2012 - 2015Kanstansin Sivtsov
56.4%
2011 - 2012Michael Rogers
55.8%
Years Answer % Correct
2016 -Danny van Poppel
54.7%
2011 - 2016Xabier Zandio
54.7%
2010 - 2012Juan Antonio Flecha
54.1%
2013 -Ian Boswell
53.5%
2010 - 2011Steve Cummings
48.8%
2017 - Jon Dibben
48.2%
2013 - 2014Joe Dombrowski
47.7%
2012 - 2015Danny Pate
47.7%
2017 - Lukasz Wisniowski
47.1%
2016 -Benat Intxausti
46.5%
2010 - 2015Christopher Sutton
45.9%
2010 - 2013Matthew Hayman
44.2%
2013 - 2014Jonathan Tiernan-Locke
43.6%
2010Nicolas Portal
42.4%
2010 - 2011Greg Henderson
41.9%
2010 - 2012Michael Barry
41.3%
2011 - 2012Jeremy Hunt
41.3%
2010 - 2011Kurt Asle Arvesen
39.5%
2015 - 2016Andy Fenn
38.4%
2010 - 2011Serge Pauwels
37.2%
2011 - 2012Alex Dowsett
36.6%
2016Alex Peters
35.5%
2010 - 2011John-Lee Augustyn
33.7%
2013 - 2014Dario Cataldo
33.1%
2013 - 2014Gabriel Rasch
31.4%
2013 - 2014Josh Edmondson
30.8%
2010 - 2011Russell Downing
29.1%
2010 - 2011Dario Cioni
28.5%
2011 - 2012Davide Appollonio
27.3%
2014 - 2015Nathan Earle
25.6%
2010 -Sylvain Calzati
23.8%
2010 - 2011Morris Possoni
20.9%
2010 - 2012Thomas Lövkvist
19.8%
2010 - 2011Kjell Carlström
18.6%
2010Davide Viganò
7%

You're not logged in!

Compare scores with friends on all Sporcle quizzes.
Join for Free
OR
Log In

You Might Also Like...

Show Comments

Extras

Top Quizzes Today


Score Distribution

Your Account Isn't Verified!

In order to create a playlist on Sporcle, you need to verify the email address you used during registration. Go to your Sporcle Settings to finish the process.

Report this User

Report this user for behavior that violates our Community Guidelines.

Details: